Obsahové funkcie a ich aplikácie v cestovnom ruchu diplomová práca

Enregistré dans:
Détails bibliographiques
Auteur principal: Kozák, Tomáš
Collectivité auteur: Obchodná fakulta EU. Katedra tovaroznalectva a kvality tovaru
Autres auteurs: Kačeňák, Igor
Format: Livre
Langue:slovaque
Publié: Bratislava 2010
Tags: Ajouter un tag
Pas de tags, Soyez le premier à ajouter un tag!

MARC

LEADER 00000nam$a2200000$$$4500
001 0114883
005 20240318122931.2
041 0 |a slo 
044 |a SK 
245 1 0 |a Obsahové funkcie a ich aplikácie v cestovnom ruchu  |b diplomová práca  |c Tomáš Kozák ; škol. Igor Kačeňák 
264 1 |a Bratislava  |c 2010 
300 |a 69 s. 
100 1 |a Kozák, Tomáš 
700 1 |a Kačeňák, Igor 
710 2 |a Obchodná fakulta EU. Katedra tovaroznalectva a kvality tovaru